Scenes in the Rocky Mountains, and in Oregon, California, New Mexico, Texas, and the grand prairies, or, Notes by the way, during an excursion of three years : (Record no. 52027)

MARC details
000 -LEADER
fixed length control field 01585cam a2200325 a 4500
001 - CONTROL NUMBER
control field rc 01001211
003 - CONTROL NUMBER IDENTIFIER
control field DLC
005 - DATE AND TIME OF LATEST TRANSACTION
control field 20260227111902.0
008 - FIXED-LENGTH DATA ELEMENTS--GENERAL INFORMATION
fixed length control field 830616s1846 paubf 000 0deng
010 ## - LIBRARY OF CONGRESS CONTROL NUMBER
LC control number rc 01001211
040 ## - CATALOGING SOURCE
Original cataloging agency DLC
Transcribing agency DLC
Modifying agency DLC
043 ## - GEOGRAPHIC AREA CODE
Geographic area code n-usp--
050 00 - LIBRARY OF CONGRESS CALL NUMBER
Classification number F592
Item number .S12
100 1# - MAIN ENTRY--PERSONAL NAME
Personal name Sage, Rufus B.,
Dates associated with a name 1817-1893.
245 10 - TITLE STATEMENT
Title Scenes in the Rocky Mountains, and in Oregon, California, New Mexico, Texas, and the grand prairies, or, Notes by the way, during an excursion of three years :
Remainder of title with a description of the countries passed through, including their geography, geology, resources, present condition, and the different nations inhabiting them /
Statement of responsibility, etc. by a New Englander.
246 30 - VARYING FORM OF TITLE
Title proper/short title Scenes in the Rocky Mountains, and in Oregon, California, New Mexico, Texas, and the grand prairies
246 30 - VARYING FORM OF TITLE
Title proper/short title Notes by the way, during an excursion of three years
260 ## - PUBLICATION, DISTRIBUTION, ETC.
Place of publication, distribution, etc. Philadelphia :
Name of publisher, distributor, etc. Carey & Hart,
Date of publication, distribution, etc. 1846.
300 ## - PHYSICAL DESCRIPTION
Extent 303 p., [1] folded leaf of plates :
Other physical details 1 map ;
Dimensions 19 cm.
500 ## - GENERAL NOTE
General note Published pseudonymously. Written by Rufus B. Sage. Cf. Wagner-Camp.
510 4# - CITATION/REFERENCES NOTE
Name of source Checklist Amer. imprints,
Location within source 46-6211
510 4# - CITATION/REFERENCES NOTE
Name of source Wagner-Camp (4th ed.),
Location within source 123:1
500 ## - GENERAL NOTE
General note LC copy's map acquired separately, by exchange, Dec. 1948, and placed in volume Feb. 1949.
Institution to which field applies DLC
651 #0 - SUBJECT ADDED ENTRY--GEOGRAPHIC NAME
Geographic name West (U.S.)
General subdivision History
Chronological subdivision To 1848.
651 #0 - SUBJECT ADDED ENTRY--GEOGRAPHIC NAME
Geographic name West (U.S.)
General subdivision Description and travel.
651 #0 - SUBJECT ADDED ENTRY--GEOGRAPHIC NAME
Geographic name Rocky Mountains
General subdivision Description and travel.
650 #0 - SUBJECT ADDED ENTRY--TOPICAL TERM
Topical term or geographic name entry element Indians of North America
Geographic subdivision West (U.S.)
650 #0 - SUBJECT ADDED ENTRY--TOPICAL TERM
Topical term or geographic name entry element Hunting
Geographic subdivision West (U.S.)
600 10 - SUBJECT ADDED ENTRY--PERSONAL NAME
Personal name Sage, Rufus B.,
Dates associated with a name 1817-1893.

No items available.

Powered by Koha